قطر الولى على حديث الولى : (رقم التسجيلة. 99659)
[ عرض عادي ]
| 000 -الفاتح | |
|---|---|
| عناصر البيانات ثابتة الطول | 00795cam a2200193 i 4500 |
| 005 - تاريخ ووقت آخر معاملة | |
| حقل ضبط | 20251204104850.0 |
| 008 - عناصر البيانات ثابتة الطول | |
| عناصر البيانات ثابتة الطول | 250721r9999 ua gr 000 0 ara d |
| 082 14 - رقم تصنيف ديوي العشري | |
| رقم التصنيف | 214.4 |
| رقم المادة | ش و ك |
| 100 1# - مدخل رئيسي – اسم شخصي | |
| الاسم الشخصي | الشوكاني، محمد بن علي بن محمد بن عبد الله اليمني. |
| علاقة الشخص بالعمل/ دوره | مؤلف. |
| 245 10 - بيان العنوان | |
| العنوان | قطر الولى على حديث الولى : |
| بقية العنوان | او ولاية الله والطريق اليها. |
| بيان المسؤولية | تاليف الامام الشوكاني. |
| 260 31 - بيانات النشر، التوزيع…إلخ | |
| مكان النشر، التوزيع...إلخ | [غيرمعرف]: |
| اسم الناشر، الموزع...إلخ | [غيرمعرف]، |
| تاريخ النشر، التوزيع...إلخ | [بين 1995 و 2005] . |
| 300 ## - الوصف المادي | |
| عدد الوحدات المكونة للوعاء | 570صفحة. |
| 650 17 - مدخل إضافي بالموضوع - مصطلح موضوعي | |
| مصطلح موضوعي أو اسم جغرافي كعنصر مدخل | العقيدة الدينية. |
| 650 17 - مدخل إضافي بالموضوع - مصطلح موضوعي | |
| مصطلح موضوعي أو اسم جغرافي كعنصر مدخل | الأولياء. |
| 650 17 - مدخل إضافي بالموضوع - مصطلح موضوعي | |
| مصطلح موضوعي أو اسم جغرافي كعنصر مدخل | الكرامات. |
| 700 1# - مدخل إضافي - اسم شخصي | |
| الاسم الشخصي | هلال،ابراهيم ابراهيم. |
| علاقة الشخص بالعمل/ دوره | محقق. |
| 942 ## - بيانات إضافية (كوها) | |
| نوع التنصيف | Dewey Decimal Classification |
| نوع المادة (كوها) | كتب |
| حالة السحب | حالة الفقدان | مصدر التصنيف | حالة التلف | غير قابل للإعارة | المكتبة الرئيسية | المكتبة الحالية | موقع الرف | تاريخ التزويد | الرقم المتسلسل | Total Checkouts | رقم الإستدعاء | الباركود | تاريخ آخر ظهور | تاريخ الفاتورة | نوع المادة (كوها) |
|---|---|---|---|---|---|---|---|---|---|---|---|---|---|---|---|
| Dewey Decimal Classification | المكتبة المركزية | المكتبة المركزية | الإعارة | 28/07/2025 | 1023360 | 214.4 / ش و ك | 1023360 | 28/07/2025 | 28/07/2025 | كتب |